Manriques Micros y otros cuentos neoyorquinos, o, la extensión de la paradoja del escritor

Salvato in:
Dettagli Bibliografici
Autore principale: Saldarriaga, Juan Fernando
Natura: Sconosciuto
Pubblicazione: Colombia: Agora,
Soggetti:
Tags: Aggiungi Tag
Nessun Tag, puoi essere il primo ad aggiungerne!!

MARC

LEADER 000000000a22000000004500
001 000097
100 1 |a Saldarriaga, Juan Fernando 
245 1 0 |a Manriques Micros y otros cuentos neoyorquinos, o, la extensión de la paradoja del escritor 
260 |a Colombia:   |b Agora, 
650 4 |a MANRIQUES MICROS Y OTROS CUENTOS NEOYORQUINOS 
650 4 |a ABC DE SIMON AND SCHUSTER 
773 0 |t Con-Textos: Revista de Semiótica Literaria 
773 0 |g 2 
773 0 |g 16 
773 0 |g 1995 
773 0 |g 85-105 
999 |c 839  |d 839